Nghiên cứu xây dựng đề án khu du lịch sinh thái Đạ Tẻh, Đạ Hàm gắn với làng nghề truyền thống dân tộc bản địa : Báo cáo tổng kết đề tài

Salvato in:
Dettagli Bibliografici
Natura: Đề tài khoa học
Lingua:Undetermined
Pubblicazione: [ Sở Khoa học và Công nghệ tỉnh Lâm Đồng] 2008
Soggetti:
Tags: Aggiungi Tag
Nessun Tag, puoi essere il primo ad aggiungerne! !
Thư viện lưu trữ: Trung tâm Thư viện - Trường Đại học Công nghiệp TP. Hồ Chí Minh
LEADER 00657nam a2200133Ia 4500
001 UIH_00511
008 230809s9999 xx 000 0 und d
082 |a 915.59761 
245 0 |a Nghiên cứu xây dựng đề án khu du lịch sinh thái Đạ Tẻh, Đạ Hàm gắn với làng nghề truyền thống dân tộc bản địa : Báo cáo tổng kết đề tài 
260 |b [ Sở Khoa học và Công nghệ tỉnh Lâm Đồng] 
260 |c 2008 
650 |a Du lịch sinh thái; 
927 |a Đề tài khoa học 
980 |a Trung tâm Thư viện - Trường Đại học Công nghiệp TP. Hồ Chí Minh